MDQL
is popping MORE tags! Check the
thread
!
Quizzes
Events
Quiz Creation
Community
Videos
Private Events
Remove Ads
Sign In
Join for FREE
Feedback
Dark Mode
Quiz Categories
Sports
Geography
Music
Movies
Television
Just For Fun
Miscellaneous
History
Literature
Language
Science
Gaming
Entertainment
Religion
Holiday
For Kids
Quiz Lab
Recent
Popular Today
Quiz Kudos Today
Editor Picks
Curator Picks
Quizzes by...
Day
Popularity
Type
Ratings
Length
Year
Community
Subscriptions
Recent Discussions
Orange Saloon
Badges
Playlists
Quests
Create
Leaderboards
Showdown
Live 5
Trivia Bingo
Activity
Puzzle Library
Sporcle Events
Private Events
Virtual Trivia
Globe League
Become a Host
Pub Owners
SporcleCon
Opinionation
Our Games
Videos
Blog
Mobile Apps
Partnerships
Remove Ads and Go Orange
Feedback
Science
Computer
Plants
Astronomy
Chemistry
Elements
Math
Animal
Physics
Anatomy
Biology
Geology
General Science
Science
Computer
Plants
Astronomy
Chemistry
Elements
Math
Animal
Physics
Anatomy
Biology
Geology
General Science
Random Quiz
Search Sporcle
×
Quiz Lab
Quiz Lab
Science
Nerve
Type in answers that appear in a list
Type in answers that appear in a list
Classic
Best Score? Go Orange.
Facial muscles and facial nerves Stats
Can you name the Facial muscles and facial nerves?
By
greenvic
3m
17 Questions
36 Plays
36 Plays
36 Plays
Comments
Comments
Give Quiz Kudos
Give Quiz Kudos
-
- Ratings
hide this ad
Replay
Link that replays current quiz
Next Quiz
Link to next quiz in quiz playlist
You Got
0%
They Got
Avg Score
17%
Avg Friend Score
Upgrade to see
Score Distribution
Jump to the score distribution portion of the page
Score
0/17
Timer
03:00
0
Plays Today
Hint
Answer
% Correct
Which mussle compresses cheeks against molar teeth; sucking and blowing?
Buccinator
75%
What branch innervates the depressor labii inferioris
mandibular
38.9%
Which muscle pulls the scalp up and back?
Frontalis
36.1%
What branches innervat the orbicularis oculi palpebral?
Temporal and zygomatic
27.8%
Which muscle is responsible for the flaring of the nostril?
Nasalis
27.8%
Where is the origin of the zygomaticus major?
Zygomatic bone
22.2%
Which muscle is responsible for the transverse wrinking of bridge of nose?
Procerus
16.7%
What branches of the facial nerve supply the levator anguli oris?
Buccal and zygomatic
11.1%
Which branches of the facial nerve supply the orbicularis oris?
Zygomatic, buccal and mandibular
8.3%
Hint
Answer
% Correct
What is the insertion of the mentalis?
Skin of chin
8.3%
What is the action of the depressor anguli oris?
depresses the angle of the mouth
5.6%
Where does the zygomaticus major insert?
Angle of the mouth
5.6%
What is the action of the risorius?
Draws angle of the mouth laterally
2.8%
What is the action of the levator labii superioris?
Elevates upper lip
2.8%
What is the action of the zygomaticus major?
Draws angle of the mouth up and back
2.8%
What is the action of the orbicularis oculi orbital?
Closes eye forcefully
2.8%
How does the buccinator aid mastication?
Pushes food into the middle of the mouth
2.8%
Quiz Playlist
Details
Report
Send in Message
Add To Playlist
Classic:
Type in answers that appear in a list
Last Updated: Feb 16, 2017
Quiz Scoreboard
CHALLENGE
Sign Up to Join the Scoreboard
Show All
Scores
Hide
Comments
May contain spoilers
Recently Published
1-10 Letter E Words III
by El_Dandy
Language
2m
Street Fighter Characters
by Artimus82
Gaming
60s
College Basketball Coaching Resumes
by pancakes188
Sports
9m
More to Explore
Quiz From the Vault
Featured Blog Post
Where Did the Easter Bunny Come From?
hide this ad
You Might Also Like...
Tags
facial
muscle
Nerve
Today's Top Quizzes in Science
Browse Science
hide this ad
Today's Top Quizzes in Nerve
Browse Nerve
Top Contributed Quizzes in Science
1
Quick Pick: Radians
2
The First 100 Digits of Pi
3
Quick Pick: 'CI-CJ' Animals
4
Elements In Images
5
perfect squares 1-25
6
One Thing in Common: Science
7
One Thing in Common: Science II
8
One Thing in Common: Animals
9
One Thing in Common: Science III
10
Order Up: Organs and Body Systems
Explore More
Trending Topics
Harry Potter
Kpop
Anime
Marvel
NBA
Crossword
Disney
WWE
Pokémon
Puzzle
Soccer
Country
The Office
NFL
Song
hide this ad
More By:
greenvic
Quiz
Plays
Rating
Category
Featured
Created
Anatomy: Foramen of the skull
273
4.25
Science
Dec 10, 2015
Primary care Dentistry
38
Science
May 11, 2019
Facial muscles and facial nerves
36
Science
Dec 10, 2015
Anatomy: the neck
33
Science
Dec 10, 2015
Anatomy
18
Science
Dec 10, 2015
Go to Creator's Profile
Score Distribution
Quiz Creator Spotlight
greenvic
Follow
Send a Message
Quizzes Created
-
Created Quiz Play Count
-
More By This Creator
Popular Quizzes Today
1
Find the US States - No Outlines Minefield
2
Find the Countries of Europe - No Outlines Minefield
3
Find the US States
4
The Countries of the World
5
Risky Map Clicking: Biggest States A-Z
6
US States
7
Popular People in 1961
8
Movies - When Are They Set?
More Science Quizzes
What's in Nutella?
Curator's Pick
Trending Quizzes
Risky Map Clicking: Least Populous States A-Z
1-10 Letter G Words
Countries of the World: 200 Million BC
1-10 Letter F Words
Risky Map Clicking: Next State Alphabetically
Recently Updated
Largest US Cities 1790-2010
pecheneg
Rides in Walt Disney World
pecheneg
Most Oscar Losses (Acting)
pecheneg
Beyoncé Albums
pecheneg
Leaping Animals
pecheneg
Reality TV Shows (A-Z)
bhenderson79
Rickey Henderson's Hall of Fame Teammates
pecheneg
Champions League XIs: Arsenal
pecheneg
Quick Pick: Celebrities in WWE's Hall of Fame
aduchscher
A-Z Keypad Blitz II
pecheneg
Trending Topics
Crossword
Marvel
Anime
NBA
Disney
Kpop
Harry Potter
Pokémon
Puzzle
The Office
Country
WWE
Song
NFL
Soccer
Your Account Isn't Verified!
In order to create a playlist on Sporcle, you need to verify the email address you used during registration. Go to your
Sporcle Settings
to finish the process.
Report this User
Report this user for behavior that violates our
Community Guidelines
.
Details:
Send Report
Go to the Sporcle.com Mobile Site →
Comments